000 00357nam a2200145Ia 4500
008 191201s2010 xx 000 0 und d
082 _a658.3
_bVIS
100 _aVISWANATHAN,Rajesh
245 0 _aStrategic Human Resource Management
250 _aEd
260 _aN.Delhi
_bHimalaya Publication House
_c2010
300 _a385
650 _aBBA
942 _2ddc
_cBK
999 _c52
_d52